Partnership : (Record no. 69089)
[ view plain ]
| 000 -LEADER | |
|---|---|
| fixed length control field | 00792nam a22002537i 4500 |
| 003 - CONTROL NUMBER IDENTIFIER | |
| control field | URS |
| 005 - DATE AND TIME OF LATEST TRANSACTION | |
| control field | 20251001091326.0 |
| 008 - FIXED-LENGTH DATA ELEMENTS--GENERAL INFORMATION | |
| fixed length control field | 230321s2021 ph ||||| |||| 00| 0 eng d |
| 020 ## - INTERNATIONAL STANDARD BOOK NUMBER | |
| International Standard Book Number | 9786218205017 |
| 040 ## - CATALOGING SOURCE | |
| Language of cataloging | eng |
| Transcribing agency | URS |
| Modifying agency | URS |
| Description conventions | rda |
| 050 14 - LIBRARY OF CONGRESS CALL NUMBER | |
| Classification number | KPM 953.5 |
| Item number | D7131 2021 |
| 100 1# - MAIN ENTRY--PERSONAL NAME | |
| Personal name | Domingo, Andrix D. |
| Relator term | author |
| 245 10 - TITLE STATEMENT | |
| Title | Partnership : |
| Remainder of title | revised corporation cooperative law / |
| Statement of responsibility, etc. | Atty. Andrix D. Domingo, CPA, MBA. |
| 250 ## - EDITION STATEMENT | |
| Edition statement | Second edition. |
| 264 #1 - PRODUCTION, PUBLICATION, DISTRIBUTION, MANUFACTURE, AND COPYRIGHT NOTICE | |
| Place of production, publication, distribution, manufacture | Benguet : |
| Name of producer, publisher, distributor, manufacturer | Coaching for Results Publishing, |
| Date of production, publication, distribution, manufacture, or copyright notice | [2021] |
| 264 #4 - PRODUCTION, PUBLICATION, DISTRIBUTION, MANUFACTURE, AND COPYRIGHT NOTICE | |
| Date of production, publication, distribution, manufacture, or copyright notice | copyright 2021. |
| 300 ## - PHYSICAL DESCRIPTION | |
| Extent | 872 pages ; |
| Dimensions | 23 cm |
| 336 ## - CONTENT TYPE | |
| Source | rdacontent |
| Content type term | text |
| Content type code | txt |
| 337 ## - MEDIA TYPE | |
| Source | rdamedia |
| Media type term | unmediated |
| 338 ## - CARRIER TYPE | |
| Source | rdacarrier |
| Carrier type term | volume |
| 650 #0 - SUBJECT ADDED ENTRY--TOPICAL TERM | |
| Topical term or geographic name entry element | Partnership |
| Geographic subdivision | Philippines |
| 650 #0 - SUBJECT ADDED ENTRY--TOPICAL TERM | |
| Topical term or geographic name entry element | Corporation law |
| Geographic subdivision | Philippines |
| 942 ## - ADDED ENTRY ELEMENTS (KOHA) | |
| Source of classification or shelving scheme | Library of Congress Classification |
| Koha item type | Filipiniana |
| Withdrawn status | Source of classification or shelving scheme | Damaged status | Not for loan | Home library | Current library | Shelving location | Date acquired | Total Checkouts | Full call number | Barcode | Date last seen | Price effective from | Koha item type |
|---|---|---|---|---|---|---|---|---|---|---|---|---|---|
| Dewey Decimal Classification | Pililla College Library | Pililla College Library | Filipiniana Section | 05/03/2024 | 346.599066 D7131 2021 | URSPIL-6717 | 05/03/2024 | 05/03/2024 | Filipiniana | ||||
| Dewey Decimal Classification | Pililla College Library | Pililla College Library | Filipiniana Section | 05/03/2024 | 346.599066 D7131 2021 | URSPIL-7047 | 05/03/2024 | 05/03/2024 | Filipiniana | ||||
| Library of Congress Classification | Tanay College Library | Tanay College Library | Reserve Section | 12/28/2022 | KPM 953.5 D7131 2021 | URSTAN-N3354 | 03/21/2023 | 03/21/2023 | Filipiniana |